Statistiche per SOPRANNOMI POLLO

Clicka qui per fare il quiz!

Statistiche generali

  • Questo quiz è stato fatto 7 volte
  • Il punteggio medio è 2 su 10

Statistiche sulle risposte

SOPRANNOMI% Corretto
POLLO
100%
CHICK
17%
IL DISPETTOSO
17%
PIE
17%
PIETRO
17%
POLLO LA FURIA
17%
BIMBO NICOTINA
0%
BOLLUB
0%
CHICKEN
0%
ER CINA
0%

Distribuzione punteggi

Percentile per numero di risposta

Percentuale di utenti per punteggio

I tuoi punteggi nel tempo

Non hai fatto questo quiz